Loading...
| Fine Arts - Other Fine Arts | 0 | 3 | 0 | 2 | 30 | 128 | 134.67 | 0 | 2 |
| Social Science | 0 | 3 | 0 | 0 | 30 | 105 | 118.00 | 1 | 3 |
| History - American History | 0 | 2 | 0 | 1 | 20 | 90 | 109.50 | 0 | 2 |
| History - Other History | 0 | 1 | 0 | 0 | 10 | 93 | 93.00 | 0 | 0 |
| History - World History | 0 | 1 | 0 | 0 | 10 | 98 | 98.00 | 0 | 1 |
| Literature - Long Fiction | 0 | 1 | 0 | 0 | 10 | 80 | 80.00 | 0 | 1 |
| Literature - Misc Literature | 0 | 1 | 0 | 0 | 10 | 93 | 93.00 | 1 | 1 |
| Other Academic | 0 | 1 | 0 | 0 | 10 | 139 | 139.00 | 0 | 1 |
| Philosophy | 0 | 1 | 0 | 0 | 10 | 90 | 90.00 | 0 | 0 |
| Religion | 1 | 0 | 1 | 0 | 10 | 28 | 28.00 | 1 | 1 |
| Fine Arts - Painting and Sculpture | 0 | 1 | 0 | 1 | 10 | 145 | 145.00 | 0 | 1 |